West Ham Squad 24/25 - Statistics

General Stats
  • This quiz has been taken 98 times
    70 since last reset
  • The average score is 19 of 23
Answer Stats
# Nation Former Club Answer % Correct
10 Brazil Lyon Lucas Paqueta
96%
9 Jamaica Nottingham Michail Antonio
96%
28 Czechia Slavia Prague Tomas Soucek
96%
1 Poland Swansea Lukasz Fabianski
94%
14 Ghana Ajax Mohammed Kudus
94%
5 Czechia Slavia Prague Vladimir Coufal
94%
4 Spain PSG Carlos Soler
92%
19 Mexico Ajax Edson Alvarez
90%
24 Argentina Real Betis Guido Rodriguez
88%
15 Greece Stuttgart Konstantinos Mavropanos
88%
7 Netherlands Leeds Crysencio Summerville
86%
33 Italy Chelsea Emerson
84%
20 England Hull City Jarrod Bowen
84%
11 Germany Dortmund Niclas Fullkrug
84%
23 France PSG Alphonse Areola
82%
26 England Wolves Max Kilman
80%
25 France Nice Jean-Clair Todibo
78%
29 England Man United Aaron Wan-Bissaka
73%
3 England Ipswich Town Aaron Cresswell
69%
18 England Aston Villa Danny Ings
59%
21 England Sheffield Utd Wes Foderingham
57%
17 Brazil Palmeiras Luis Guilherme
51%
39 Scotland Austria Klagenfurt Andy Irving
41%
No matching quizzes found
Score Distribution
Percent of People with Each Score
Percentile by Number Answered
Your Score History
You have not taken this quiz since the last reset